000 01178nam a22003497a 4500
003 CHAP
005 20220329132934.0
008 971013s1989 r 00010 d
010 _a440
011 _a1412
035 _a588
040 _cCHAP
090 _aFolleto 12413
100 0 0 _aCarvalho, P. Pereira.
_919707
245 _aMelhoramento genético do algodoeiro
_b: noticia sobre as variedades A637-24, A637-33 e REMU40
260 _aLisboa :
_bInstituto de Investigacao Científica Tropical,
_c1989
300 _a22 p.
_b: ilus.
490 _aComunicacoes: srie de ciencias agrarias
_v; 1
500 _a36-154
590 _aBATCH-UPD
_b10
_c20130110
_lUCH01
_h0224
590 _aBATCH-UPD
_b10
_c20130110
_lUCH01
_h2130
590 _aBATCH-UPD
_b10
_c20130410
_lUCH01
_h1439
590 _aBATCH-UPD
_b10
_c20130914
_lUCH01
_h0058
590 _aCONVERSION
_b10
_c20130109
_lUCH01
_h1302
650 1 4 _aAlgodón
_xGenética.
_94017
650 1 4 _aAlgodon
_xMejoramiento.
_94035
650 1 4 _aAlgodon
_xVariedades.
_94068
830 0 _aComunicacoes: srie de ciencias agrarias
_v; 1
_926244
901 _aBK
942 _cFOLL
949 _aFolleto 12413
_bBC
_cFOLL
_d-10041
_eTS1
_i588
_si
999 _c440
_d440